Business and Law Vocabulary Acquisition in the ESP Classroom

Kvalitatívny prieskum, či čítanie periodík a získavanie idiomatických výrazov z nich prispieva k pozitívnym výsledkom v idiomatickom teste a k zostaveniu korpusu profesionálnych článkov. Demonštrovanie analýzy korpusu u každého študenta v oblasti práva a ekonómie.

Na minha lista:
Detalhes bibliográficos
Autor principal: Hrdličková, Zuzana
Formato: Capítulo de Livro
Idioma:inglês
Assuntos:
Tags: Adicionar Tag
Sem tags, seja o primeiro a adicionar uma tag!

MARC

LEADER 00000naa a2200000 4500
001 0263786
005 20240502083758.3
041 0 |a eng 
044 |a UA 
245 1 0 |a Business and Law Vocabulary Acquisition in the ESP Classroom  |c Zuzana Hrdličková 
520 |a Kvalitatívny prieskum, či čítanie periodík a získavanie idiomatických výrazov z nich prispieva k pozitívnym výsledkom v idiomatickom teste a k zostaveniu korpusu profesionálnych článkov. Demonštrovanie analýzy korpusu u každého študenta v oblasti práva a ekonómie. 
610 2 0 |a zásoba slovná 
610 2 0 |a jazyk obchodný 
610 2 0 |a právo 
610 2 0 |a vyučovanie 
610 2 0 |a jazyk odborný 
610 2 0 |a sémantika 
100 1 |a Hrdličková, Zuzana